• 首页
  • 本馆介绍
  • 公告通知
  • 最新文献
  • 馆藏检索
  • 电子资源
  • 读者导购
  • 参考咨询
  • 我的图书馆
  • 登录
  • 详细信息显示
  • 放入我的书架
  • 预约/预借图书
  • 作者相关作品
  • 分类相关作品
  • 丛书相关作品
  • 出版社相关作品

书目信息

  • 表格格式
  • 工作单格式
  • 卡片格式
题名:
塞拉勒窝内史
    
 
作者: 克里斯托弗·法伊夫 著 ;上海新闻出版系统"五·七"干校翻译组 译
分册: 上册  
出版信息: 上海   上海人民出版社  1973.8
页数: 427页
开本: 20cm
丛书名:
单 册:
中图分类: K449
科图分类:
主题词: 非洲--历史
电子资源:
ISBN:
000 00768nam0 2200229 45
001 0212170964
005 20031219104102.3
010    @dCNY3.70
091    @a11171.34
100    @a20021217d1973 km y0chiy0120 ea
101 0  @achi
105    @a z 000yy
200 1  @ASai La Le Wo Nei Shi@a塞拉勒窝内史@h上册@f(英)克里斯托弗·法伊夫著@F(Ying)Ke Li Si Tuo Fu·Fa Yi Fu Zhu@g上海新闻出版系统"五·七"干校翻译组译
210    @a上海@c上海人民出版社@d1973.8
215    @a427页@d20cm
300    @a内部参考读物
606 0  @a非洲@x历史
690    @aK449@v3
701  0 @a克里斯托弗·法伊夫@4著
712 02 @a上海新闻出版系统"五·七"干校翻译组@AShang Hai Xin Wen Chu Ban Xi Tong"Wu·Qi"Gan Xiao Fan Yi Zu@4译
801    @aCN@bTSTC@c20021217
905    @f1@b219149@dK449@e4:1
    
    塞拉勒窝内史.上册/(英)克里斯托弗·法伊夫著/上海新闻出版系统"五·七"干校翻译组译.-上海:上海人民出版社,1973.8
    427页;20cm
    内部参考读物
    
    ISBN :CNY3.70
    
●
相关链接 在E读中查询图书 在五车中查询图书 在当当中查询图书 在豆瓣中查询图书


正题名:塞拉勒窝内史     索取号:K449/4:1         预约/预借

序号 登录号 条形码 馆藏地/架位号 状态 备注
1 0219149   001736884   第二样本阅览室/ [索取号:K449/4:1] 在馆    
唐山师范学院图书馆 欢迎您!
大连网信软件有限公司© 版权所有